| 000 | 00913cam a22002535a 4500 | ||
|---|---|---|---|
| 001 | 3924404 | ||
| 005 | 20201124142745.0 | ||
| 008 | 921019s1993 dcua frb 001 0 eng d | ||
| 020 | _a0841225052 | ||
| 040 |
_aDLC _cDLC _dDLC _dEG-ScBUE _beng |
||
| 082 | 0 | 4 |
_a620.192 _222 _bPHY |
| 245 | 0 | 0 |
_aPhysical properties of polymers / _cJames E. Mark ... [et al.] |
| 250 | _a2nd ed. | ||
| 260 |
_aWashington : _bAmerican Chemical Society, _c1993. |
||
| 300 |
_axi, 409 p. : _bill. (some col.) ; _c27 cm. |
||
| 504 | _aIncludes bibliographical references and indexes. | ||
| 650 | 7 |
_aPolymers _xProperties. _2BUEsh |
|
| 651 | _2BUEsh | ||
| 653 |
_bGGEN _cMay2018 |
||
| 710 | 2 | _aAmerican Chemical Society. | |
| 856 | 4 | 2 |
_3Publisher description _uhttp://www.loc.gov/catdir/enhancements/fy0635/92035330-d.html |
| 856 | 4 | 1 |
_3Table of contents only _uhttp://www.loc.gov/catdir/enhancements/fy0635/92035330-t.html |
| 942 | _2ddc | ||
| 999 |
_c26718 _d26690 |
||